[Event "Junior Online 4NCL Division 2"]
[Site "online"]
[Date "2020.05.14"]
[Round "5.48"]
[White "Aserkoff, Daniel"]
[Black "Khanna, Pranav"]
[Result "1/2-1/2"]
[WhiteElo "1562"]
[BlackElo "1607"]
[PlyCount "151"]
[EventDate "2020.05.14"]
[WhiteTeam "Hammersmith 1"]
[BlackTeam "Harrow Juniors A"]

1. e4 e5 2. Nf3 Nc6 3. d4 exd4 4. Nxd4 Bc5 5. Be3 d6 6. Nxc6 bxc6 7. Bxc5 dxc5
8. Qxd8+ Kxd8 9. Bc4 Ne7 10. Bxf7 Rf8 11. Bb3 Ba6 12. Nc3 Ng6 13. O-O-O+ Kc8
14. f3 c4 15. Ba4 Bb7 16. b3 cxb3 17. cxb3 Nf4 18. Rd2 Ne6 19. b4 c5 20. Bb3
Re8 21. Bxe6+ Rxe6 22. bxc5 Rc6 23. Rhd1 Ba6 24. Rd8+ Kb7 25. Rxa8 Kxa8 26. Rd5
Bc4 27. Rg5 g6 28. Kb2 Kb7 29. Re5 Bf1 30. g3 Bg2 31. f4 Bf1 32. Re7 Rxc5 33.
Rxh7 Rc6 34. Rd7 Rb6+ 35. Kc2 Bc4 36. Rd4 Rc6 37. Kd2 Be6 38. Rb4+ Kc8 39. Ke3
Rxc3+ 40. Kd4 Rc6 41. a3 Bf7 42. Rb5 Rd6+ 43. Ke5 Re6+ 44. Kd4 Rd6+ 45. Ke5 Ra6
46. f5 gxf5 47. exf5 Rxa3 48. h4 Rxg3 49. Kf6 Be8 50. Re5 Bd7 51. Kf7 Rh3 52.
f6 Rxh4 53. Ke7 Rh7+ 54. f7 Bc6 55. Kf8 Ba4 56. Re3 Rh4 57. Rg3 Rf4 58. Kg7 Bd7
59. f8=Q+ Rxf8 60. Kxf8 Bc6 61. Rc3 Kb7 62. Ke7 Bb5 63. Rb3 c6 64. Kd6 Kb6 65.
Ke5 a6 66. Kd4 c5+ 67. Kc3 c4 68. Rb1 Kc5 69. Ra1 Kb6 70. Rb1 Kc5 71. Ra1 Kc6
72. Ra5 Kb6 73. Ra1 Kc5 74. Ra5 Kc6 75. Ra1 Kb6 76. Rb1 1/2-1/2

[Event "Junior Online 4NCL Division 2"]
[Site "online"]
[Date "2020.05.14"]
[Round "5.51"]
[White "Bansal, Saahil"]
[Black "Ball, Charlie"]
[Result "1-0"]
[WhiteElo "1915"]
[BlackElo "1540"]
[PlyCount "55"]
[EventDate "2020.05.14"]
[WhiteTeam "KJCA Young Kestrels B"]
[BlackTeam "St Albans Early Knights 1"]

1. d4 Nf6 2. c4 c5 3. Nf3 b5 4. cxb5 Qa5+ 5. Nc3 a6 6. Qa4 Qxa4 7. Nxa4 axb5 8.
Nb6 Bb7 9. Nxa8 Bxa8 10. dxc5 Bxf3 11. exf3 e6 12. Bxb5 Bxc5 13. O-O Nc6 14.
Bxc6 dxc6 15. Be3 Bd6 16. Rac1 Be5 17. Rxc6 O-O 18. Rb6 Nd5 19. Rb5 Ra8 20. Ra1
Bf6 21. a4 h6 22. a5 Nc7 23. Rb7 Na6 24. Rc1 Bd8 25. Bb6 Bg5 26. Be3 Bd8 27. b4
Nb8 28. Rc8 1-0

[Event "Junior Online 4NCL Division 2"]
[Site "online"]
[Date "2020.05.14"]
[Round "5.52"]
[White "Ball, Katie C"]
[Black "Moore, Eoin"]
[Result "1-0"]
[WhiteElo "1525"]
[BlackElo "1735"]
[PlyCount "51"]
[EventDate "2020.05.14"]
[WhiteTeam "St Albans Early Knights 1"]
[BlackTeam "KJCA Young Kestrels B"]

1. d4 Nf6 2. Nf3 g6 3. Bg5 Ne4 4. Bf4 c5 5. c3 Bg7 6. Nbd2 Nxd2 7. Qxd2 cxd4 8.
cxd4 d5 9. e3 O-O 10. Bd3 Nc6 11. O-O Bg4 12. Be2 Rc8 13. Rac1 Qb6 14. a3 e6
15. h3 Bxf3 16. Bxf3 Na5 17. Rxc8 Rxc8 18. Qb4 Qxb4 19. axb4 Nc4 20. Rc1 Rc6
21. b5 Rb6 22. b3 Nd2 23. Rc8+ Bf8 24. Bh6 Nxf3+ 25. gxf3 f5 26. Rxf8# 1-0

[Event "Junior Online 4NCL Division 2"]
[Site "online"]
[Date "2020.05.14"]
[Round "5.53"]
[White "Ratnesan, Radha"]
[Black "Petcov, Andreas"]
[Result "1-0"]
[WhiteElo "1697"]
[BlackElo "1442"]
[PlyCount "71"]
[EventDate "2020.05.14"]
[WhiteTeam "KJCA Young Kestrels B"]
[BlackTeam "St Albans Early Knights 1"]

1. d4 d5 2. Nf3 Nc6 3. e3 Bg4 4. c4 dxc4 5. Bxc4 Nf6 6. Nc3 Bxf3 7. Qxf3 e5 8.
d5 Nb4 9. Qd1 Bc5 10. a3 Na6 11. O-O O-O 12. e4 Qe7 13. Bg5 Rad8 14. b4 Bb6 15.
Qe2 Qd6 16. Nb5 Qd7 17. Bxf6 gxf6 18. Qh5 c6 19. dxc6 Qxc6 20. Qe2 Nc7 21. Rac1
Nxb5 22. Bxf7+ Rxf7 23. Rxc6 bxc6 24. Qc4 Nd4 25. Rd1 Nf3+ 26. gxf3 Rxd1+ 27.
Kg2 Rd2 28. Qxc6 Rxf2+ 29. Kg3 Rg7+ 30. Kh3 Rgg2 31. Qe8+ Kg7 32. Qe7+ Kh6 33.
Qf8+ Kh5 34. Qf7+ Rg6 35. Qxh7+ Kg5 36. Qh4# 1-0

[Event "Junior Online 4NCL Division 2"]
[Site "online"]
[Date "2020.05.14"]
[Round "5.54"]
[White "Petcov, Nichiforos"]
[Black "Dorman, Orla"]
[Result "0-1"]
[WhiteElo "1427"]
[BlackElo "1660"]
[PlyCount "42"]
[EventDate "2020.05.14"]
[WhiteTeam "St Albans Early Knights 1"]
[BlackTeam "KJCA Young Kestrels B"]

1. e4 e6 2. Nc3 d5 3. d4 Nf6 4. e5 Nfd7 5. Bb5 c5 6. Bxd7+ Bxd7 7. Nf3 Nc6 8.
Bg5 Qb6 9. Be3 Qxb2 10. Na4 Qb4+ 11. c3 Qa5 12. O-O Nxd4 13. cxd4 Bxa4 14. Qb1
Bc6 15. Qc2 c4 16. a3 Be7 17. Bd2 Qc7 18. Bg5 O-O 19. h3 h6 20. Bxe7 Qxe7 21.
a4 Rfc8 0-1

[Event "Junior Online 4NCL Division 2"]
[Site "online"]
[Date "2020.05.14"]
[Round "5.55"]
[White "Ball, Charlie"]
[Black "Bansal, Saahil"]
[Result "0-1"]
[WhiteElo "1540"]
[BlackElo "1915"]
[PlyCount "60"]
[EventDate "2020.05.14"]
[WhiteTeam "St Albans Early Knights 1"]
[BlackTeam "KJCA Young Kestrels B"]

1. e4 e6 2. d3 d5 3. Nd2 Nf6 4. g3 c5 5. Bg2 Be7 6. Ngf3 O-O 7. O-O Nc6 8. Re1
Re8 9. h4 h6 10. Nf1 Bf8 11. N1h2 Kh7 12. Bh3 dxe4 13. dxe4 Qxd1 14. Rxd1 Nxe4
15. Ng4 f5 16. Ne3 g5 17. Bg2 Kg6 18. Nd2 Nxd2 19. Rxd2 e5 20. Bxc6 bxc6 21.
Nc4 Ba6 22. Na3 Red8 23. Rxd8 Rxd8 24. Be3 f4 25. gxf4 exf4 26. Bc1 Rd1+ 27.
Kg2 Bf1+ 28. Kf3 Kf5 29. hxg5 hxg5 30. Bxf4 Rxa1 0-1

[Event "Junior Online 4NCL Division 2"]
[Site "online"]
[Date "2020.05.14"]
[Round "5.56"]
[White "Moore, Eoin"]
[Black "Ball, Katie C"]
[Result "1-0"]
[WhiteElo "1735"]
[BlackElo "1525"]
[PlyCount "41"]
[EventDate "2020.05.14"]
[WhiteTeam "KJCA Young Kestrels B"]
[BlackTeam "St Albans Early Knights 1"]

1. d4 e6 2. c4 f5 3. g3 Nf6 4. Bg2 Be7 5. Nf3 O-O 6. O-O Qe8 7. Nc3 Qh5 8. Re1
Ng4 9. h3 Nh6 10. e4 Qg6 11. Ne5 Qf6 12. h4 d6 13. Bg5 dxe5 14. Bxf6 Bxf6 15.
d5 exd5 16. Nxd5 Bd8 17. exf5 Rxf5 18. Be4 Rf8 19. Qh5 c6 20. Ne3 Re8 21. Qxe8#
1-0

[Event "Junior Online 4NCL Division 2"]
[Site "online"]
[Date "2020.05.14"]
[Round "5.57"]
[White "Petcov, Andreas"]
[Black "Ratnesan, Radha"]
[Result "0-1"]
[WhiteElo "1442"]
[BlackElo "1697"]
[PlyCount "76"]
[EventDate "2020.05.14"]
[WhiteTeam "St Albans Early Knights 1"]
[BlackTeam "KJCA Young Kestrels B"]

1. e4 e6 2. Nf3 d5 3. exd5 exd5 4. d4 Nc6 5. Bb5 Bd7 6. Ne5 Nxe5 7. Bxd7+ Nxd7
8. O-O Bd6 9. Qe2+ Ne7 10. Nc3 c6 11. a3 Qc7 12. Bg5 f6 13. Bd2 Bxh2+ 14. Kh1
Bd6 15. b4 Nb6 16. b5 Nc4 17. bxc6 bxc6 18. Be3 O-O 19. Qg4 Ng6 20. f4 Nxe3 21.
Qe6+ Rf7 22. Qxe3 Bxf4 23. Qh3 Qd7 24. Qh5 Bh6 25. Ne2 Re8 26. Ng3 Nf4 27. Qh3
Nxh3 28. gxh3 Qxh3+ 29. Kg1 Be3+ 30. Rf2 Bxf2+ 31. Kxf2 Qh2+ 32. Kf3 g5 33. Nf5
Qf4+ 34. Kg2 Qxf5 35. Rf1 Re2+ 36. Kg3 Qxf1 37. Kg4 Rg2+ 38. Kh3 Qh1# 0-1

[Event "Junior Online 4NCL Division 2"]
[Site "online"]
[Date "2020.05.14"]
[Round "5.58"]
[White "Dorman, Orla"]
[Black "Petcov, Nichiforos"]
[Result "1-0"]
[WhiteElo "1660"]
[BlackElo "1427"]
[PlyCount "49"]
[EventDate "2020.05.14"]
[WhiteTeam "KJCA Young Kestrels B"]
[BlackTeam "St Albans Early Knights 1"]

1. e4 e5 2. Nf3 Nc6 3. Bc4 h6 4. d4 exd4 5. Nxd4 Nxd4 6. Qxd4 Nf6 7. O-O b6 8.
e5 Bc5 9. Qd1 Nh7 10. Qd5 Qe7 11. Qxa8 Qxe5 12. Qxc8+ Ke7 13. Qxh8 Bd6 14. g3
Ng5 15. Bd2 Nh3+ 16. Kg2 h5 17. Re1 Nxf2 18. Rxe5+ Bxe5 19. Bc3 Bxc3 20. Nxc3
Kf6 21. Kxf2 Kg5 22. Qxg7+ Kf5 23. Qxf7+ Kg4 24. Kg2 h4 25. Qg6# 1-0

[Event "Junior Online 4NCL Division 2"]
[Site "online"]
[Date "2020.05.14"]
[Round "5.61"]
[White "Murawski, Jan"]
[Black "Pal, Rohan"]
[Result "1-0"]
[WhiteElo "1630"]
[BlackElo "1772"]
[PlyCount "79"]
[EventDate "2020.05.14"]
[WhiteTeam "Ojays C"]
[BlackTeam "Hallfield School A"]

1. d4 d5 2. c4 e6 3. Nc3 Be7 4. Nf3 Nf6 5. Bg5 O-O 6. e3 b6 7. cxd5 Nxd5 8.
Nxd5 exd5 9. Bxe7 Qxe7 10. Bd3 Bg4 11. h3 Bh5 12. Qc2 Bg6 13. Bxg6 fxg6 14. Qb3
c6 15. Rc1 Qd6 16. Ke2 Nd7 17. Qa4 c5 18. Qd1 Nf6 19. Qd3 Ne4 20. Rhd1 Rad8 21.
Rf1 Rfe8 22. Nd2 Nxd2 23. Qxd2 Re4 24. f3 Re7 25. Kf2 Rde8 26. Rfe1 Rf8 27.
Rcd1 Rf5 28. dxc5 bxc5 29. e4 Rfe5 30. exd5 Kf7 31. Qf4+ Kg8 32. Rxe5 Rxe5 33.
Qc4 Rg5 34. g4 Qh2+ 35. Ke3 Qe5+ 36. Kf2 Qxb2+ 37. Qe2 Qxe2+ 38. Kxe2 Kf7 39.
f4 Rxd5 40. Rxd5 1-0

[Event "Junior Online 4NCL Division 2"]
[Site "online"]
[Date "2020.05.14"]
[Round "5.62"]
[White "Monga, Kanav"]
[Black "Beneat, Frederick"]
[Result "1-0"]
[WhiteElo "1645"]
[BlackElo "1592"]
[PlyCount "123"]
[EventDate "2020.05.14"]
[WhiteTeam "Hallfield School A"]
[BlackTeam "Ojays C"]

1. d4 e6 2. Bf4 d5 3. e3 c5 4. c3 Nc6 5. Nf3 Nf6 6. Bd3 c4 7. Bc2 g6 8. Nbd2
Bg7 9. O-O O-O 10. Qe2 b5 11. Rfe1 Bb7 12. e4 dxe4 13. Nxe4 Nxe4 14. Bxe4 Qd7
15. Qd2 Ne7 16. Bh6 Bxe4 17. Rxe4 Nf5 18. Bxg7 Kxg7 19. Nh4 Qd5 20. Nxf5+ Qxf5
21. Rh4 h5 22. Qe3 Rh8 23. Rf4 Qd5 24. Re1 h4 25. Qd2 Rh5 26. Rfe4 Rg5 27. f3
h3 28. R1e2 Qf5 29. Re5 Qb1+ 30. Re1 Rxg2+ 31. Qxg2 hxg2 32. Rxb1 a6 33. Kxg2
Ra7 34. Kg3 Kf6 35. f4 Ra8 36. Rbe1 Rh8 37. Rc5 Ra8 38. h4 Kg7 39. Kg4 Kf6 40.
Ree5 Ke7 41. Rc7+ Kf6 42. h5 gxh5+ 43. Kxh5 Rg8 44. Rg5 Rh8+ 45. Kg4 Rh1 46. d5
Rg1+ 47. Kh3 Rb1 48. dxe6 fxe6 49. Rcg7 Rxb2 50. R7g6+ Ke7 51. Rh6 Rb1 52. Rgg6
Re1 53. Kg2 Re2+ 54. Kf1 Rxa2 55. Rh7+ Kd6 56. f5 Ke5 57. fxe6 Ra1+ 58. Ke2
Ra2+ 59. Kd1 Rf2 60. Rh1 Rf8 61. e7 Re8 62. Rh5+ 1-0

[Event "Junior Online 4NCL Division 2"]
[Site "online"]
[Date "2020.05.14"]
[Round "5.63"]
[White "Macabenta, Kei"]
[Black "Amir, Zain"]
[Result "1-0"]
[WhiteElo "1532"]
[BlackElo "1562"]
[PlyCount "89"]
[EventDate "2020.05.14"]
[WhiteTeam "Ojays C"]
[BlackTeam "Hallfield School A"]

1. e4 Nc6 2. Nf3 d6 3. Bc4 Nf6 4. O-O Bg4 5. c3 e6 6. Be2 Be7 7. d3 O-O 8. Nbd2
Qd7 9. Ne1 Bxe2 10. Qxe2 e5 11. Nc2 Rfe8 12. Nf3 h6 13. Ne3 Nh5 14. Nd5 Nf6 15.
Nxe7+ Rxe7 16. Be3 Rae8 17. Qd2 Qg4 18. h3 Qg6 19. Rfe1 Rd7 20. Nh4 Qh7 21. Nf5
d5 22. exd5 Nxd5 23. Ng3 Nxe3 24. Rxe3 Red8 25. Rd1 Qg6 26. Qe2 Qe6 27. d4 Qxa2
28. Re1 f6 29. Nh5 Qa5 30. Qg4 Qd5 31. Nxf6+ Kh8 32. Nxd5 Rxd5 33. dxe5 Re8 34.
e6 h5 35. Qf3 Rd6 36. Qxh5+ Kg8 37. Qf7+ Kh7 38. Re4 Kh6 39. Rh4+ Kg5 40. Qh5+
Kf6 41. Rf4+ Ke7 42. Qf7+ Kd8 43. Qxg7 a6 44. Rf8 Rxf8 45. Qxf8# 1-0

[Event "Junior Online 4NCL Division 2"]
[Site "online"]
[Date "2020.05.14"]
[Round "5.65"]
[White "Pal, Rohan"]
[Black "Murawski, Jan"]
[Result "1-0"]
[WhiteElo "1772"]
[BlackElo "1630"]
[PlyCount "151"]
[EventDate "2020.05.14"]
[WhiteTeam "Hallfield School A"]
[BlackTeam "Ojays C"]

1. e4 c5 2. Nf3 d6 3. d4 cxd4 4. Nxd4 Nf6 5. Nc3 a6 6. Be3 e5 7. Nb3 Nc6 8. f3
Be6 9. Qd2 d5 10. exd5 Nxd5 11. Nxd5 Qxd5 12. Qxd5 Bxd5 13. O-O-O Bxb3 14. axb3
Be7 15. Bc4 a5 16. Bb5 O-O 17. Rd7 Bf6 18. Rxb7 Nd4 19. Bxd4 exd4 20. Rd1 Rab8
21. Rxb8 Rxb8 22. Bc4 a4 23. bxa4 d3 24. c3 Bg5+ 25. Kb1 d2 26. Kc2 Kf8 27. g3
Be3 28. Kd3 Bh6 29. b3 Rd8+ 30. Kc2 Be3 31. f4 Ke7 32. Ra1 Rd6 33. Kd1 Kd7 34.
Ke2 Ba7 35. Rd1 f6 36. Rxd2 Rxd2+ 37. Kxd2 Bg1 38. h3 Bh2 39. g4 Bxf4+ 40. Kd3
Kc7 41. b4 Kb6 42. a5+ Kb7 43. b5 Bc7 44. b6 Be5 45. Bb5 Bd6 46. Kc4 Be7 47.
Kd5 Ba3 48. Bc6+ Ka6 49. b7 Ka7 50. Ke6 Bb2 51. c4 Bc3 52. a6 Be5 53. Bb5 h6
54. Kf7 Bf4 55. Kxg7 Bg5 56. Kf7 Kb8 57. c5 Ka7 58. c6 Kb8 59. Ke6 Bf4 60. Kxf6
Bg5+ 61. Ke6 Bf4 62. Kd7 Bg3 63. c7+ Bxc7 64. a7+ Kxb7 65. a8=Q+ Kxa8 66. Kxc7
Ka7 67. Kd6 Kb6 68. Ke6 Kb7 69. Kf6 Kb6 70. Kg6 Kxb5 71. Kxh6 Kc6 72. g5 Kd7
73. g6 Ke7 74. g7 Kf7 75. Kh7 Kf6 76. g8=Q 1-0

[Event "Junior Online 4NCL Division 2"]
[Site "online"]
[Date "2020.05.14"]
[Round "5.66"]
[White "Beneat, Frederick"]
[Black "Monga, Kanav"]
[Result "1-0"]
[WhiteElo "1592"]
[BlackElo "1645"]
[PlyCount "87"]
[EventDate "2020.05.14"]
[WhiteTeam "Ojays C"]
[BlackTeam "Hallfield School A"]

1. c4 Nf6 2. e3 e6 3. d4 d5 4. Nc3 c6 5. b3 Bb4 6. Bb2 Ne4 7. Nge2 Nd7 8. g3
Qa5 9. Qc2 Ndf6 10. Bg2 Qb6 11. O-O Nxc3 12. Nxc3 O-O 13. a4 Bd7 14. c5 Qc7 15.
Ba3 Bxc3 16. Qxc3 Rfe8 17. Qd3 e5 18. Rac1 e4 19. Qe2 Bg4 20. Qb2 Qc8 21. b4
Bf3 22. b5 Rb8 23. b6 a6 24. a5 Nh5 25. h4 Re6 26. Kh2 Rg6 27. Rh1 Qg4 28. Bh3
Bxh1 29. Bxg4 Rxg4 30. Rxh1 Re8 31. Qe2 Nf6 32. f3 exf3 33. Qxf3 Rge4 34. Re1
Ng4+ 35. Kh1 Rxe3 36. Rxe3 Nxe3 37. Bc1 Nc4 38. Bf4 Nxa5 39. Qg4 Nc4 40. Bh6 g6
41. Qd7 Re1+ 42. Kh2 Re2+ 43. Kh3 a5 44. Qd8+ 1-0

[Event "Junior Online 4NCL Division 2"]
[Site "online"]
[Date "2020.05.14"]
[Round "5.67"]
[White "Amir, Zain"]
[Black "Macabenta, Kei"]
[Result "0-1"]
[WhiteElo "1562"]
[BlackElo "1532"]
[PlyCount "88"]
[EventDate "2020.05.14"]
[WhiteTeam "Hallfield School A"]
[BlackTeam "Ojays C"]

1. c4 c6 2. Nc3 d5 3. cxd5 cxd5 4. d4 Bf5 5. Bf4 Nf6 6. e3 e6 7. Bb5+ Nc6 8.
Nf3 Bb4 9. O-O Bxc3 10. bxc3 O-O 11. Bxc6 bxc6 12. Nh4 Be4 13. f3 Bg6 14. Nxg6
fxg6 15. Bg5 Qa5 16. Qc2 c5 17. Bxf6 gxf6 18. Qd3 c4 19. Qc2 Qc7 20. Rab1 Rab8
21. Rb2 e5 22. Rfb1 exd4 23. cxd4 c3 24. Rb3 Rxb3 25. Rxb3 Rc8 26. Kf2 Qc4 27.
Kg3 Qc7+ 28. Kh3 Qd7+ 29. Kg3 Qd6+ 30. Kh3 Qe6+ 31. Kg3 Qxe3 32. Rb7 Qd2 33.
Qb3 Qg5+ 34. Kf2 c2 35. Rb8 c1=Q 36. Rxc8+ Qxc8 37. Qd3 Qcc1 38. Qb5 Qcd2+ 39.
Kf1 Qd1+ 40. Kf2 Qgd2+ 41. Kg3 Q1e1+ 42. Kh3 Qe6+ 43. Kg3 Qde1+ 44. Kf4 g5# 0-1

[Event "Junior Online 4NCL Division 2"]
[Site "online"]
[Date "2020.05.14"]
[Round "5.71"]
[White "Petkov, Anton"]
[Black "Pert, Nina"]
[Result "1-0"]
[WhiteElo "1793"]
[BlackElo "1772"]
[PlyCount "89"]
[EventDate "2020.05.14"]
[WhiteTeam "TSK Tigers A"]
[BlackTeam "Brentwood 1"]

1. e4 c6 2. d4 d5 3. exd5 cxd5 4. c4 Nf6 5. Nc3 g6 6. Bg5 Bg7 7. Bxf6 Bxf6 8.
cxd5 O-O 9. Nf3 Bg4 10. Be2 Nd7 11. h3 Bf5 12. g4 Rc8 13. gxf5 Nb6 14. fxg6
fxg6 15. O-O Qd7 16. Ne5 Qd6 17. Bg4 Rcd8 18. Be6+ Kg7 19. Ne4 Qb4 20. Nxf6
Rxf6 21. Ng4 Rf4 22. Qc1 Rdf8 23. Qc5 Qxb2 24. Qxe7+ Kh8 25. Rad1 Qe2 26. Qh4
Nc4 27. Qg3 Nd2 28. Rxd2 Qxd2 29. Qe3 Qxd4 30. Qxd4+ Rxd4 31. Ne3 Rd2 32. Nc4
Rxa2 33. d6 Re2 34. Bg4 h5 35. Bxe2 Rd8 36. Rd1 b5 37. Ne5 b4 38. Nf7+ Kg7 39.
Nxd8 Kf8 40. Ne6+ Ke8 41. d7+ Kf7 42. d8=Q b3 43. Qd7+ Kg8 44. Rc1 b2 45. Rc8#
1-0

[Event "Junior Online 4NCL Division 2"]
[Site "online"]
[Date "2020.05.14"]
[Round "5.72"]
[White "Pert, Max"]
[Black "Wu, Yuxuan"]
[Result "1-0"]
[WhiteElo "1727"]
[BlackElo "1523"]
[PlyCount "95"]
[EventDate "2020.05.14"]
[WhiteTeam "Brentwood 1"]
[BlackTeam "TSK Tigers A"]

1. d4 Nf6 2. Bg5 g6 3. Bxf6 exf6 4. e3 Bg7 5. c4 f5 6. g3 Qe7 7. Nc3 O-O 8.
Nge2 d6 9. Bg2 c6 10. O-O Nd7 11. Qc2 Nf6 12. b3 Re8 13. Rfe1 Bh6 14. Rad1 Ng4
15. Nf4 g5 16. Nh5 Qe6 17. h3 Qg6 18. hxg4 fxg4 19. Qxg6+ hxg6 20. Nf6+ Kf8 21.
Nxe8 Kxe8 22. Ne4 Ke7 23. d5 f5 24. Nc3 Bg7 25. Ne2 Bd7 26. dxc6 Bxc6 27. Bxc6
bxc6 28. Nd4 Rc8 29. Rd3 a6 30. e4 Bxd4 31. Rxd4 Kd7 32. exf5 gxf5 33. Red1 f4
34. Rxd6+ Ke7 35. Rd7+ Ke6 36. Ra7 f3 37. Rxa6 Kf5 38. Re1 Rc7 39. a4 c5 40.
Rb6 Rc8 41. a5 Ra8 42. a6 Ra7 43. Rb5 Rxa6 44. Rxc5+ Kg6 45. Rce5 Rb6 46. Re6+
Rxe6 47. Rxe6+ Kf7 48. Rd6 1-0

[Event "Junior Online 4NCL Division 2"]
[Site "online"]
[Date "2020.05.14"]
[Round "5.73"]
[White "Swamy, Anshul"]
[Black "Horton, Jake H"]
[Result "0-1"]
[WhiteElo "1472"]
[BlackElo "1435"]
[PlyCount "164"]
[EventDate "2020.05.14"]
[WhiteTeam "TSK Tigers A"]
[BlackTeam "Brentwood 1"]

1. e4 e5 2. Nf3 Nc6 3. Nc3 Nf6 4. d4 exd4 5. Nxd4 Nxd4 6. Qxd4 d6 7. Bc4 Be7 8.
O-O O-O 9. Re1 c6 10. e5 dxe5 11. Qxd8 Bxd8 12. Rxe5 Bc7 13. Re1 Bf5 14. Bb3
Rfd8 15. Bg5 Rd6 16. Re7 Bd8 17. Rxf7 Be6 18. Bxe6 Rxe6 19. Rxb7 Re5 20. Bxf6
Bxf6 21. g3 Rc5 22. Rb3 Bd4 23. Rd1 Rc4 24. Rd2 Re8 25. a3 Re1+ 26. Kg2 Bxc3
27. Rxc3 Rxc3 28. bxc3 Ra1 29. Rd8+ Kf7 30. Rd7+ Kg8 31. Rxa7 Ra2 32. a4 Rxc2
33. a5 Rxc3 34. a6 Ra3 35. Ra8+ Kf7 36. a7 h6 37. Rc8 Rxa7 38. Rxc6 Re7 39. Rc2
Kf6 40. f4 Kg6 41. Kh3 Kh5 42. Rc5+ Kg6 43. Kg4 Kh7 44. Re5 Rf7 45. Rf5 Rc7 46.
h4 Rc6 47. Re5 Rg6+ 48. Kf3 Rc6 49. Re7 Rc3+ 50. Re3 Rc7 51. g4 Ra7 52. h5 Ra5
53. Re7 Ra3+ 54. Re3 Ra5 55. Kg3 Rb5 56. Kh4 Rb8 57. f5 Rf8 58. Re7 Rf6 59. g5
Rxf5 60. g6+ Kg8 61. Re8+ Rf8 62. Rxf8+ Kxf8 63. Kg4 Ke7 64. Kf5 Kd6 65. Kg4
Ke5 66. Kg3 Kf5 67. Kf3 Kg5 68. Ke4 Kxh5 69. Ke5 Kxg6 70. Ke6 h5 71. Ke5 h4 72.
Kf4 Kh5 73. Kf3 g6 74. Kg2 Kg4 75. Kh2 g5 76. Kg2 Kf4 77. Kf2 g4 78. Kg1 Kf3
79. Kf1 Kg3 80. Kg1 h3 81. Kh1 Kf2 82. Kh2 g3+ 0-1

[Event "Junior Online 4NCL Division 2"]
[Site "online"]
[Date "2020.05.14"]
[Round "5.74"]
[White "Antonopoulos, Chris"]
[Black "Bagga, Khushi"]
[Result "1-0"]
[WhiteElo "1307"]
[BlackElo "1059"]
[PlyCount "53"]
[EventDate "2020.05.14"]
[WhiteTeam "Brentwood 1"]
[BlackTeam "TSK Tigers A"]

1. e4 e5 2. Nf3 Nc6 3. Bc4 Bc5 4. O-O Nf6 5. d3 O-O 6. Nc3 d6 7. h3 h6 8. Bd2
Qe8 9. Re1 Be6 10. Be3 Bb4 11. a3 Ba5 12. b4 Bb6 13. Nd5 Qd7 14. Bxh6 gxh6 15.
Nxf6+ Kg7 16. Nxd7 Bxd7 17. b5 Ne7 18. Nh4 Bd4 19. Rb1 b6 20. Bd5 Rab8 21. Bc6
Bc8 22. Qh5 Ng6 23. Nf5+ Bxf5 24. exf5 Nf4 25. Qg4+ Kh8 26. f6 h5 27. Qg7# 1-0

[Event "Junior Online 4NCL Division 2"]
[Site "online"]
[Date "2020.05.14"]
[Round "5.75"]
[White "Pert, Nina"]
[Black "Petkov, Anton"]
[Result "0-1"]
[WhiteElo "1772"]
[BlackElo "1793"]
[PlyCount "80"]
[EventDate "2020.05.14"]
[WhiteTeam "Brentwood 1"]
[BlackTeam "TSK Tigers A"]

1. e4 c5 2. Nf3 g6 3. d4 cxd4 4. Qxd4 Nf6 5. e5 Nc6 6. Qa4 Nd5 7. Qe4 Nb6 8.
Nc3 Bg7 9. Bf4 O-O 10. O-O-O d5 11. exd6 e5 12. Bg5 Qe8 13. h4 Bf5 14. Qe3 Qe6
15. Kb1 Nb4 16. Ne1 Rac8 17. Be7 Rfe8 18. h5 Rxc3 19. Qxc3 Qxa2+ 20. Kc1 Bh6+
21. Qe3 Bxe3+ 22. fxe3 Qa1+ 23. Kd2 Qxb2 24. Rc1 N4d5 25. Bg5 Qc3+ 26. Kd1
Nxe3+ 27. Bxe3 Qxe3 28. Bb5 Bg4+ 29. Nf3 Rd8 30. Bd3 Rxd6 31. hxg6 hxg6 32. Re1
Bxf3+ 33. gxf3 Qxf3+ 34. Kd2 e4 35. Re3 Nc4+ 36. Kc3 Qxe3 37. Kxc4 exd3 38. Rb1
Qd4+ 39. Kb3 Rb6+ 40. Ka2 Qa4# 0-1

[Event "Junior Online 4NCL Division 2"]
[Site "online"]
[Date "2020.05.14"]
[Round "5.76"]
[White "Wu, Yuxuan"]
[Black "Pert, Max"]
[Result "1-0"]
[WhiteElo "1523"]
[BlackElo "1727"]
[PlyCount "153"]
[EventDate "2020.05.14"]
[WhiteTeam "TSK Tigers A"]
[BlackTeam "Brentwood 1"]

1. c4 e5 2. g3 Nc6 3. Bg2 Bc5 4. Nc3 d6 5. d3 a6 6. Nf3 Ba7 7. O-O h5 8. h4 Be6
9. Ng5 Nf6 10. Nxe6 fxe6 11. Qa4 Qd7 12. Bg5 O-O 13. Bxf6 Rxf6 14. Ne4 Rg6 15.
Bf3 Rh6 16. Ng5 Rf8 17. b4 Rhf6 18. Kg2 Bd4 19. Rad1 Qe7 20. e3 Bb6 21. Bxc6
bxc6 22. Qxc6 Rg6 23. Rd2 Qf6 24. Qf3 Qxf3+ 25. Nxf3 Rgf6 26. Ng5 Bxe3 27. Re2
Bxg5 28. hxg5 Rg6 29. f4 h4 30. gxh4 exf4 31. Ref2 e5 32. Kf3 Rb8 33. a3 Ra8
34. Ke4 a5 35. b5 Re6 36. Kd5 Ree8 37. h5 Kf7 38. d4 Rad8 39. Kc6 Re7 40. Rd2
Re6 41. Kxc7 Rde8 42. b6 R8e7+ 43. Kc6 d5+ 44. Kb5 dxc4 45. dxe5 Rxe5+ 46. Kxc4
Re4+ 47. Kc3 Re3+ 48. Rd3 Rxd3+ 49. Kxd3 Rb7 50. Rxf4+ Ke6 51. h6 gxh6 52. Rf6+
Ke7 53. Rxh6 Kf8 54. Kc4 Kg7 55. Kb5 Rb8 56. Kxa5 Ra8+ 57. Kb4 Rb8 58. Kb5 Ra8
59. a4 Rb8 60. a5 Rf8 61. b7 Rf5+ 62. Kb6 Rxg5 63. b8=Q Kxh6 64. Qd6+ Rg6 65.
Qxg6+ Kxg6 66. a6 Kf6 67. a7 Ke6 68. a8=Q Ke5 69. Qd8 Ke6 70. Kc5 Kf5 71. Qe7
Kf4 72. Kd4 Kf3 73. Qe3+ Kg4 74. Ke4 Kh4 75. Qg1 Kh5 76. Kf5 Kh6 77. Qg6# 1-0

[Event "Junior Online 4NCL Division 2"]
[Site "online"]
[Date "2020.05.14"]
[Round "5.77"]
[White "Horton, Jake H"]
[Black "Swamy, Anshul"]
[Result "1-0"]
[WhiteElo "1435"]
[BlackElo "1472"]
[PlyCount "119"]
[EventDate "2020.05.14"]
[WhiteTeam "Brentwood 1"]
[BlackTeam "TSK Tigers A"]

1. e4 d5 2. exd5 Nf6 3. Nc3 Nxd5 4. Nxd5 Qxd5 5. Nf3 Bg4 6. d4 Nc6 7. Be3 O-O-O
8. c3 Bxf3 9. Qxf3 Qxf3 10. gxf3 e6 11. O-O-O Be7 12. c4 Bf6 13. d5 exd5 14.
cxd5 Nb4 15. Bc4 Rd7 16. a3 Na6 17. Bxa7 Rhd8 18. Rd3 c6 19. Bb6 Re8 20. dxc6
Rxd3 21. Bxd3 Re6 22. Bf5 Kb8 23. Bxe6 fxe6 24. cxb7 Kxb7 25. Be3 Nc7 26. Rd1
Nd5 27. Bd4 Bg5+ 28. Kc2 g6 29. Rd3 Nf4 30. Rb3+ Kc6 31. Be3 Kd5 32. Rb5+ Kc4
33. Rxg5 Nd5 34. Rg4+ Kb5 35. a4+ Ka5 36. Bd2+ Ka6 37. Rc4 Kb6 38. Be3+ Nxe3+
39. fxe3 h5 40. b4 e5 41. b5 g5 42. Rb4 h4 43. a5+ Kxa5 44. b6 Kxb4 45. b7 Kc4
46. b8=Q Kd5 47. e4+ Kd4 48. Qd6+ Ke3 49. Qxe5 Kxf3 50. Qxg5 Kxe4 51. Qxh4+ Kf5
52. Kd3 Kg6 53. Ke4 Kg7 54. Qh5 Kf6 55. Qf5+ Kg7 56. Qe6 Kf8 57. Qd7 Kg8 58.
Kf5 Kh8 59. Kg6 Kg8 60. Qg7# 1-0

[Event "Junior Online 4NCL Division 2"]
[Site "online"]
[Date "2020.05.14"]
[Round "5.78"]
[White "Bagga, Khushi"]
[Black "Antonopoulos, Chris"]
[Result "0-1"]
[WhiteElo "1059"]
[BlackElo "1307"]
[PlyCount "136"]
[EventDate "2020.05.14"]
[WhiteTeam "TSK Tigers A"]
[BlackTeam "Brentwood 1"]

1. e4 c6 2. d4 d5 3. Nc3 g6 4. Nf3 dxe4 5. Nxe4 Bf5 6. Nc3 e6 7. Bc4 Bg7 8. O-O
Nf6 9. Be3 O-O 10. Qd2 Nbd7 11. Bh6 Bxh6 12. Qxh6 Ng4 13. Qf4 b5 14. Be2 Re8
15. h3 e5 16. dxe5 Ngxe5 17. Nxe5 Nxe5 18. Rad1 Qb6 19. Qg3 Bxc2 20. Rd2 Bf5
21. h4 Nc4 22. Bxc4 bxc4 23. h5 Rad8 24. Rxd8 Rxd8 25. hxg6 Bxg6 26. Re1 Qxb2
27. Qc7 Rf8 28. Qg3 a5 29. Rb1 Qc2 30. Ra1 a4 31. Nd1 Qd3 32. Ne3 Qd4 33. Rd1
Qb2 34. Nxc4 Qxa2 35. Rc1 Qb3 36. Na5 Qxg3 37. fxg3 Ra8 38. Nxc6 a3 39. Ra1 a2
40. Nb4 Bb1 41. Kf2 Rb8 42. Nxa2 Rb2+ 43. Ke3 Bxa2 44. Rh1 Rxg2 45. Kf3 Bd5+
46. Kf4 Rf2+ 47. Ke3 Bxh1 48. Kxf2 Kg7 49. Ke3 Kg6 50. Kf4 h5 51. Ke5 Kg5 52.
Kd6 Kg4 53. Ke7 Kxg3 54. Kxf7 Bd5+ 55. Kg6 h4 56. Kg5 h3 57. Kf5 h2 58. Ke5
h1=Q 59. Kd6 Qe4 60. Kc5 Qc4+ 61. Kd6 Kf4 62. Kd7 Be6+ 63. Kd6 Qd5+ 64. Kc7
Qd7+ 65. Kb6 Bd5 66. Kc5 Qe8 67. Kb6 Qc6+ 68. Ka7 Qb7# 0-1